000 01708cam a22001934a 4500
005 20250605164135.0
008 250528s ||||||||||||||||||||||||d
035 _a18758
020 _a9600800413
040 _aGR-AtMCL
_bgre
_dGR-AtMCL
_eAACR2
245 1 _aΟ Ρόλος των Ευρωπαϊκών Κοινοτήτων στις Διαπραγματεύσεις του Γύρου Ουρουγουάης και η Ελλάδα
260 _bΙ. Σιδέρης,
_c1994
300 _a304
520 _aΗ Έρευνα αυτή αποτελεί νιά πολιτική προσέγγιση στη σύγχρονη εξέλιξη των θεσμών του διεθνούς εμπορίου, με κύριο άξονα τις διαπραγματεύσεις του Γύρου Ουρουγουάης στα πλαίσια της G.A.T.T. (Γενική Συμφωνία Δασμών και Εμποριού). Πρόλογος, Σκοπός και Στόχοι της Έρευνας, Δομή της Μελέτης, Το Σκηνικό, Η Gatt, Η Ευρωπαϊκή Κοινότητα, Η Διαπραγμάτευση, Οι Διαπραγματεύσεις του Γύρου Ουρουγουάης, Η Εξέλιξη και ο Γύρος Ουρουάγης, Η Εξέλιξη των Διαπραγματεύσεων, Οι Διαπραγματεύσεις και η Κοινότητα, Ανακεφαλαίωση - Συμπεράσματα - Προοπτικές, Επίμετρον: Η Περίπτωση της Ελλάδος, Βιλιογραφία, Παράρτημα: Πίνακες.
700 1 _aΜυρογιαννης Γεωργιος
_95007
942 _cBK
999 _c4074
_d4074